000 00813nam a2200253Ia 4500
008 191130s2009##################000#0#eng##
020 _a9781439802526
022 _a2009015404
040 _aACL
_cACL
082 _a307.1216 ASA
245 _aNew frontiers in urban analysis : in honor of Atsuyuki Okabe
_cedited by Yasushi Asami, Yukio Sadahiro, Toru Ishikawa
260 _aBoca Raton, FL
_bCRC Press
_cc2009
300 _axviii, 253 p. : ill., maps ; 25 cm
500 _aIncludes bibliographical references and indexes
650 _aCity planning
650 _aLand use, Urban
650 _aSpatial analysis (Statistics)
700 _aAsami, Yasushi
700 _aIshikawa, Toru
700 _aOkabe, Atsuyuki
990 _a8f5f22d8ac10000c4d476cc97e2f64d8
991 _a201793
999 _c21232
_d21232